| 000 | 00672nam a2200217 a 4500 | ||
|---|---|---|---|
| 005 | 20231108063712.0 | ||
| 008 | 061011s2003 000 eng d | ||
| 020 | _a8474328772 | ||
| 035 | _aUPN01000147947 | ||
| 049 | _aCG | ||
| 050 | 4 |
_aLB1028.3 _bG8.2 |
|
| 100 | 1 | _aGutiérrez Martín, Alfonso | |
| 245 | 1 | 0 |
_aAlfabetización digital : _balgo más que ratones y teclas / _cAlfonso Gutiérrez Martín. |
| 260 |
_aBarcelona, Esp. : _bGedisa, _c2003. |
||
| 300 | _a252 p. | ||
| 440 | 0 | _aComunicación educativa | |
| 650 | 4 |
_aTecnología educativa _94978 |
|
| 650 | 4 |
_aInnovaciones educativas _9386 |
|
| 650 | 4 |
_aComputadoras en la educación _94976 |
|
| 905 | _aLibro | ||
| 999 |
_c120089 _d120089 |
||